LEADER 01213nam a2200289 a 4500 001 000000130507 003 CaOOAMICUS 005 20120928132012.0 008 120928s1980 it u000 u ita r 040 $aPUL$bita 041 1 $aita$hger 100 1 $aAbendroth, Wolfgang.$0(OLS)http://pul/name/83643 240 10$aAufstieg und Krise der deutschen Sozialdemokratie.$lItaliano.$0(OLS)http://pul/title/164940 245 13$aLa socialdemocrazia in Germania /$cWolfgang Abendroth. 260 $aRoma :$bEditori Riuniti,$c1980. 300 $a199 p. ;$c20 cm 490 1 $aUniversale scienze sociali ;$v01 504 $aBibliografia in nota. 650 4$aSocialismo$zGermania.$0(OLS)http://pul/subject/22875 651 4$aGermania$xSocialdemocrazia.$0(OLS)http://pul/subject/39010 830 0$aUniversale scienze sociali ;$v01.$0(OLS)http://pul/title/164943 850 $aPUL 852 $aPUL$W1$xDP1 Fondo E. Rossi$y115$m1 A 7$j14510$aCollocazione ms. sul dorso di E. Rossi: 1A 7$qFondi$B149622$CPULBib$Z2$F149622 $82 941 1 $a1 996 $6245$aLa socialdemocrazia in Germania$9(OLS)http://pul/title/164941 996 $6260$aRoma :$bEditori Riuniti$9(OLS)http://pul/publisher/54152 LEADER 01434nam a2200325 a 4500 001 000000153616 003 CaOOAMICUS 005 20160907120854.0 008 160907s2001 gw u000 u eng r 020 $a3-598-22257-2 (v. 1-2)* 032 $aLibriCat 040 $aPUL$bita 082 04$a027 245 00$aWorld guide to special libraries. 250 $a5th ed. 260 $aMünchen :$bK.G. Saur,$c2001. 300 $a2 v. ;$c31 cm. 490 1 $aHandbook of international documentation and information ;$v17 505 0 $aV. 1. Libraries A-L. -- v. 2. Libraries M-Z. Index. 650 4$aBiblioteche$xGuide.$0(OLS)http://pul/subject/43623 830 0$aHandbook of international documentation and information ;$v17.$0(OLS)http://pul/title/193024 850 $aPUL 852 $aPUL$W1$xDP2 Cons. Gen., Altre Classi 3$y97$m027 WGSL 1.1$j176765$bv. 1$qDDC 21$B179534$CPULBib$Z2$F179534 $H88902 $81 852 $aPUL$W1$xDP2 Cons. Gen., Altre Classi 3$y97$m027 WGSL 1.2$j176766$bv. 2$qDDC 21$B179535$CPULBib$Z2$F179535 $H88903 $81 941 1 $a9 996 $6020$a3-598-22257-2 (v. 1-2)*$9(OLS)http://pul/number/160939 996 $6082$a027$9(OLS)http://pul/classification/1896 996 $6245$aWorld guide to special libraries$9(OLS)http://pul/title/193090 996 $6260$aMünchen :$bK.G. Saur$9(OLS)http://pul/publisher/59806